Normal view
MARC view
- العيسوي ، عبدالرحمن محمد
Entry Personal Name
001 - CONTROL NUMBER
- control field: 34473
003 - CONTROL NUMBER IDENTIFIER
- control field: JO-AjAnu
005 - DATE AND TIME OF LATEST TRANSACTION
- control field: 20230606075756.0
008 - FIXED-LENGTH DATA ELEMENTS
- fixed length control field: 230606|| aca||aabn | a|a d
040 ## - CATALOGING SOURCE
- Original cataloging agency: JO-AjAnu
- Transcribing agency: JO-AjAnu
100 ## - HEADING--PERSONAL NAME
- Personal name: العيسوي ، عبدالرحمن محمد
670 ## - SOURCE DATA FOUND
- Source citation: Work cat.: (JO-AjAnu)17707: العيسوي ، عبدالرحمن محمد, author, في علم النفس العيادي دراسة في علم النفس الاكليني